[Event "Liberec op 18th"]
[Site "Liberec"]
[Date "2018.02.25"]
[Round "2"]
[White "Stodola, Zdenek"]
[Black "Pruetting, Lucas"]
[Result "1-0"]
[WhiteElo "1534"]
[BlackElo "1678"]
[PlyCount "57"]
[EventDate "2018.02.24"]
[EventType "swiss"]
[EventRounds "9"]
[EventCountry "CZE"]
[SourceTitle "CBM 183 Extra"]
[Source "ChessBase"]
[SourceDate "2018.04.19"]
[SourceVersion "1"]
[SourceVersionDate "2018.04.19"]
[SourceQuality "1"]

1. d4 d5 2. c4 c6 3. e3 Nf6 4. h3 e6 5. Nc3 Nbd7 6. Nf3 dxc4 7. Bxc4 b5 8. Bd3 a6 9. 0-0 Be7 10. Bd2 0-0 11. Rc1 Bb7 12. Bb1 Qc7 13. e4 Rfd8 14. e5 Ne8 15. Qc2 g6 16. Ne4 Rac8 17. b4 Ng7 18. g4 f6 19. Bf4 fxe5 20. Nxe5 Rf8 21. Nxg6 Qd8 22. Nxf8 Qxf8 23. Bg3 Nf6 24. Nxf6+ Qxf6 25. Qxh7+ Kf7 26. Be5 Qg5 27. f4 Qh4 28. Bg6+ Kf8 29. Bxg7# 1-0